Sports Quiz

Random Sports or Basketball Quiz

NBA Per Game Leaders by Team (2013-2014) Quiz Stats

 Plays Quiz Updated Nov 12, 2014

Challenge
Share
Tweet
Embed
Score 0/150 Timer 15:00
3 Plays Today
Hint Answer % Correct
Miami LeBron James
95.7%
Miami LeBron James
95.7%
Miami LeBron James
95.7%
Oklahoma CityKevin Durant
92.1%
Oklahoma CityKevin Durant
92.1%
Oklahoma CityKevin Durant
92.1%
Golden StateStephen Curry
91.4%
Golden StateStephen Curry
91.4%
Golden StateStephen Curry
91.4%
L.A. ClippersChris Paul
91%
L.A. ClippersChris Paul
91%
New YorkCarmelo Anthony
90.6%
New YorkCarmelo Anthony
90.6%
HoustonJames Harden
89.7%
HoustonJames Harden
89.7%
HoustonJames Harden
89.7%
HoustonDwight Howard
89.7%
HoustonDwight Howard
89.7%
L.A. ClippersBlake Griffin
89.7%
ClevelandKyrie Irving
89.4%
ClevelandKyrie Irving
89.4%
ClevelandKyrie Irving
89.4%
DallasDirk Nowitzki
88.8%
IndianaPaul George
88.8%
IndianaPaul George
88.8%
San AntonioTim Duncan
88.8%
San AntonioTim Duncan
88.8%
San AntonioTony Parker
88.4%
San AntonioTony Parker
88.4%
L.A. LakersPau Gasol
88.1%
L.A. LakersPau Gasol
88.1%
MemphisMarc Gasol
88.1%
WashingtonJohn Wall
87.7%
WashingtonJohn Wall
87.7%
WashingtonJohn Wall
87.7%
New OrleansAnthony Davis
86.9%
New OrleansAnthony Davis
86.9%
New OrleansAnthony Davis
86.9%
New OrleansAnthony Davis
86.9%
MinnesotaKevin Love
84.9%
MinnesotaKevin Love
84.9%
L.A. ClippersDeAndre Jordan
84.6%
L.A. ClippersDeAndre Jordan
84.6%
ChicagoJoakim Noah
83.7%
ChicagoJoakim Noah
83.7%
ChicagoJoakim Noah
83.7%
BrooklynDeron Williams
83%
BrooklynDeron Williams
83%
PortlandLaMarcus Aldridge
81.9%
PortlandLaMarcus Aldridge
81.9%
Hint Answer % Correct
BrooklynJoe Johnson
81.5%
SacramentoDeMarcus Cousins
81.5%
SacramentoDeMarcus Cousins
81.5%
SacramentoDeMarcus Cousins
81.5%
SacramentoDeMarcus Cousins
81.5%
PortlandDamian Lillard
81.5%
TorontoAmir Johnson
81.1%
Oklahoma CitySerge Ibaka
79.4%
Oklahoma CitySerge Ibaka
79.4%
CharlotteKemba Walker
78.6%
CharlotteKemba Walker
78.6%
MemphisZach Randolph
77.5%
MemphisZach Randolph
77.5%
TorontoDeMar DeRozan
77.5%
BrooklynKevin Garnett
77.1%
AtlantaJeff Teague
76.1%
PortlandRobin Lopez
75.8%
BostonRajon Rondo
75.7%
IndianaRoy Hibbert
75.3%
MemphisMichael Conley
75.2%
MinnesotaRicky Rubio
73.5%
MinnesotaRicky Rubio
73.5%
New YorkTyson Chandler
73.3%
New YorkTyson Chandler
73.3%
Golden StateAndrew Bogut
73%
Golden StateAndrew Bogut
73%
DetroitJosh Smith
72.6%
DetroitJosh Smith
72.6%
AtlantaPaul Millsap
72.4%
AtlantaPaul Millsap
72.4%
AtlantaPaul Millsap
72.4%
TorontoKyle Lowry
72.3%
TorontoKyle Lowry
72.3%
ChicagoJimmy Butler
71.5%
San AntonioKawhi Leonard
71.4%
BostonJeff Green
71%
CharlotteAl Jefferson
70.2%
CharlotteAl Jefferson
70.2%
DetroitAndre Drummond
69.9%
DetroitAndre Drummond
69.9%
MemphisTony Allen
68.1%
Miami Mario Chalmers
66.9%
WashingtonMarcin Gortat
66.5%
WashingtonMarcin Gortat
66.5%
SacramentoIsaiah Thomas
65.7%
UtahGordon Hayward
64.7%
UtahGordon Hayward
64.7%
DetroitBrandon Jennings
63.1%
PhoenixGoran Dragic
62.5%
PhoenixGoran Dragic
62.5%
Hint Answer % Correct
PhoenixGoran Dragic
62.5%
DenverTy Lawson
61.8%
DenverTy Lawson
61.8%
DenverTy Lawson
61.8%
L.A. LakersNick Young
61.7%
PhiladelphiaThaddeus Young
61.4%
PhiladelphiaThaddeus Young
61.3%
DallasMonta Ellis
60.4%
DallasMonta Ellis
60.4%
IndianaLance Stephenson
54.8%
IndianaLance Stephenson
54.8%
PhiladelphiaMichael Carter-Williams
53.8%
PhiladelphiaMichael Carter-Williams
53.8%
PhiladelphiaMichael Carter-Williams
53.8%
OrlandoJameer Nelson
51.9%
ClevelandAnderson Varejao
50.6%
ClevelandAnderson Varejao
50.6%
New OrleansTyreke Evans
50.3%
OrlandoVictor Oladipo
50.1%
New YorkRaymond Felton
49.6%
OrlandoNikola Vucevic
49.2%
MilwaukeeBrandon Knight
48.4%
MilwaukeeBrandon Knight
48.4%
UtahDerrick Favors
47.9%
UtahDerrick Favors
47.9%
PortlandWesley Matthews
44.5%
UtahTrey Burke
43.6%
BostonJared Sullinger
39.7%
Miami Chris Andersen
39%
TorontoJonas Valanciunas
38.3%
BrooklynMason Plumlee
36%
PhoenixMiles Plumlee
36%
PhoenixMiles Plumlee
36%
OrlandoArron Afflalo
35.2%
DallasSamuel Dalembert
31%
DallasSamuel Dalembert
31%
ChicagoD.J. Augustin
29.6%
L.A. LakersKendall Marshall
28.4%
BostonGerald Wallace
28.3%
DenverTimofey Mozgov
26.8%
MilwaukeeJohn Henson
24.1%
CharlotteBismack Biyombo
23.9%
MilwaukeeJohn Henson
22.8%
BostonKris Humphries
20%
MinnesotaGorgui Dieng
19.9%
DenverJ.J. Hickson
19.3%
L.A. LakersJodie Meeks
19.2%
AtlantaElton Brand
19.1%
MilwaukeeKhris Middleton
17.3%
OrlandoKyle O'Quinn
9.2%

You're not logged in!

Compare scores with friends on all Sporcle quizzes.
Join for Free
OR
Log In

You Might Also Like...

Show Comments

Extras

Top Quizzes Today


Score Distribution

Your Account Isn't Verified!

In order to create a playlist on Sporcle, you need to verify the email address you used during registration. Go to your Sporcle Settings to finish the process.

Report this User

Report this user for behavior that violates our Community Guidelines.

Details: